[Event "Hastings Masters"]
[Site "Hastings"]
[Date "2008.01.03"]
[Round "7.14"]
[White "Knott, Simon JB"]
[Black "Satyapragyan, Swayangsu"]
[Result "0-1"]
[WhiteElo "2366"]
[BlackElo "2404"]
[PlyCount "88"]
[EventDate "2007.12.28"]
[SourceDate "2007.12.28"]

1. Nf3 Nf6 2. c4 e6 3. Nc3 Bb4 4. Qc2 c5 5. a3 Ba5 6. g3 Nc6 7. Bg2 O-O 8. O-O
d6 9. d3 h6 10. e3 e5 11. Nd2 Be6 12. Nd5 Nh7 13. Rb1 Qd7 14. Ne4 f5 15. Nec3
Bxc3 16. bxc3 b6 17. f4 Rae8 18. Qa4 Na5 19. Qxd7 Bxd7 20. Nc7 Re7 21. Bd5+ Kh8
22. Nb5 Bxb5 23. cxb5 Nf6 24. Ba2 e4 25. Rd1 exd3 26. Rxd3 d5 27. Bxd5 Rd7 28.
c4 Rfd8 29. Rb2 Nxc4 30. Bxc4 Rxd3 31. Bxd3 Rxd3 32. Rd2 Rxd2 33. Bxd2 Ne4 34.
Be1 Kg8 35. Kf1 Kf7 36. Ke2 Ke6 37. Kd3 Kd5 38. a4 g6 39. Bc3 Nxc3 40. Kxc3 Ke4
41. Kd2 Kf3 42. Kd3 h5 43. a5 bxa5 44. Kc4 a4 0-1

[Event "Hastings Masters"]
[Site "Hastings"]
[Date "2008.01.03"]
[Round "7.15"]
[White "Georgiev, Vladimir"]
[Black "Lock, Gavin R"]
[Result "1-0"]
[WhiteElo "2576"]
[BlackElo "2215"]
[PlyCount "39"]
[EventDate "2007.12.28"]
[SourceDate "2007.12.28"]

1. d4 d5 2. c4 c6 3. Nf3 Nf6 4. Qb3 e6 5. Bg5 dxc4 6. Qxc4 b5 7. Qc2 Bb7 8. e3
Nbd7 9. Nbd2 a6 10. a4 Qb6 11. Qb3 Be7 12. Be2 h6 13. Bh4 O-O 14. O-O Rfc8 15.
Ne5 Bf8 16. Ndf3 bxa4 17. Qxa4 c5 18. Nxd7 Nxd7 19. Qxd7 Bc6 20. dxc5 1-0

[Event "Hastings Masters"]
[Site "Hastings"]
[Date "2008.01.03"]
[Round "7.16"]
[White "Sengupta, Deep"]
[Black "Huizer, Mark"]
[Result "1-0"]
[WhiteElo "2447"]
[BlackElo "2201"]
[PlyCount "73"]
[EventDate "2007.12.28"]
[SourceDate "2007.12.28"]

1. e4 c5 2. Nf3 d6 3. d4 cxd4 4. Nxd4 Nf6 5. Nc3 a6 6. Be3 e5 7. Nde2 Be7 8.
Ng3 g6 9. Bc4 Qc7 10. Bb3 Be6 11. h4 h5 12. Bg5 Nbd7 13. Nf1 Qa5 14. f3 Rc8 15.
Ne3 Nb6 16. Qd2 O-O 17. a3 Qc5 18. O-O-O Rc7 19. Bh6 Rd8 20. Kb1 Rcd7 21. Bg5
a5 22. g4 hxg4 23. Bxe6 fxe6 24. Bxf6 Bxf6 25. Nxg4 Bg7 26. Qg5 Rf8 27. Qxg6
Rxf3 28. Rhg1 Rc7 29. Nh6+ Kh8 30. Qxe6 Qc4 31. Qe8+ Rf8 32. Qh5 Na4 33. Nxa4
Qxc2+ 34. Ka1 Qxa4 35. Nf7+ Kg8 36. Qh8+ Kxf7 37. Qxg7+ 1-0

[Event "Hastings Masters"]
[Site "Hastings"]
[Date "2008.01.03"]
[Round "7.17"]
[White "Collins, Sam"]
[Black "Gurbanzade, Erkin"]
[Result "1-0"]
[WhiteElo "2401"]
[BlackElo "2179"]
[PlyCount "121"]
[EventDate "2007.12.28"]
[SourceDate "2007.12.28"]

1. Nf3 Nf6 2. c4 g6 3. Nc3 Bg7 4. e4 d6 5. d4 O-O 6. Be2 e5 7. O-O Nc6 8. d5
Ne7 9. b4 a5 10. Ba3 axb4 11. Bxb4 Nd7 12. Nd2 f5 13. a4 Bh6 14. Bd3 Nf6 15. c5
fxe4 16. Ndxe4 Nxe4 17. Bxe4 Nf5 18. Nb5 Ra6 19. Ra3 Qh4 20. Qe1 dxc5 21. Bxc5
Rf7 22. Rh3 Qf6 23. Bxf5 gxf5 24. Rxh6 Qxh6 25. Qxe5 Bd7 26. Qxc7 f4 27. Qd8+
Kg7 28. Bd4+ Kg6 29. Qg8+ Rg7 30. Bxg7 Qxg7 31. Qxg7+ Kxg7 32. Rd1 Rxa4 33. Nd6
b5 34. Kf1 b4 35. Rb1 Ra5 36. Rxb4 Rxd5 37. Rb6 Kf8 38. Ke2 Ke7 39. Ne4 Bg4+
40. f3 Bf5 41. Rb7+ Rd7 42. Rxd7+ Bxd7 43. Kd2 Bb5 44. Nc3 Bc4 45. Ne2 Bxe2 46.
Kxe2 Kd6 47. Kd2 Kc6 48. Kc2 Kd6 49. Kd2 Kc6 50. g3 fxg3 51. hxg3 Kd5 52. Ke3
Ke5 53. g4 Ke6 54. Ke4 Kf6 55. f4 h6 56. f5 Ke7 57. Ke5 Kf7 58. f6 Kf8 59. Ke6
Ke8 60. f7+ Kf8 61. Kf6 1-0

[Event "Hastings Masters"]
[Site "Hastings"]
[Date "2008.01.03"]
[Round "7.18"]
[White "Ledger, David"]
[Black "Bogner, Sebastian"]
[Result "0-1"]
[WhiteElo "2266"]
[BlackElo "2383"]
[PlyCount "110"]
[EventDate "2007.12.28"]
[SourceDate "2007.12.28"]

1. e4 c5 2. Nc3 d6 3. f4 g6 4. Nf3 Bg7 5. Bb5+ Bd7 6. Bxd7+ Qxd7 7. O-O Nc6 8.
d3 Nf6 9. h3 O-O 10. Ne2 b5 11. g4 Ne8 12. f5 d5 13. Be3 dxe4 14. dxe4 Qxd1 15.
Rfxd1 Nd6 16. Bxc5 Nxe4 17. Bd4 Nxd4 18. Nexd4 Rfc8 19. c3 Nd6 20. Re1 Bf6 21.
g5 Bxd4+ 22. Nxd4 Kf8 23. Re5 Rab8 24. Rae1 Rb7 25. f6 exf6 26. gxf6 Re8 27.
Nc6 Rxe5 28. Rxe5 Ne8 29. Re7 Rb6 30. Nb4 a5 31. Nd5 Rd6 32. Re5 Re6 33. Rxe6
fxe6 34. Ne7 Kf7 35. Nc6 a4 36. b3 Nd6 37. Kg2 Kxf6 38. Kf3 h5 39. bxa4 bxa4
40. Na5 Nb5 41. c4 Nc3 42. a3 Nb1 43. Nb7 Nxa3 44. Nc5 Nxc4 45. Nxa4 Kf5 46.
Nc5 g5 47. Kg3 Nd2 48. Nb7 Ne4+ 49. Kf3 e5 50. Nd8 Nd6 51. Nc6 e4+ 52. Ke3 g4
53. Nd4+ Kg5 54. Ne6+ Kh4 55. hxg4 Kxg4 0-1

[Event "Hastings Masters"]
[Site "Hastings"]
[Date "2008.01.03"]
[Round "7.19"]
[White "Bates, Richard"]
[Black "Foord, Dominic"]
[Result "1-0"]
[WhiteElo "2378"]
[BlackElo "2004"]
[PlyCount "105"]
[EventDate "2007.12.28"]
[SourceDate "2007.12.28"]

1. d4 d5 2. c4 e6 3. Nf3 Nf6 4. g3 c6 5. Bg2 Bb4+ 6. Bd2 Bd6 7. O-O dxc4 8. Qc2
Nbd7 9. Qxc4 e5 10. Nc3 O-O 11. Rad1 Qc7 12. Qb3 Re8 13. Ng5 Nf8 14. d5 Nxd5
15. Bxd5 cxd5 16. Qxd5 Be6 17. Nxe6 Nxe6 18. Nb5 Qc5 19. Be3 Qxd5 20. Rxd5 Bb8
21. Rfd1 a6 22. Nd6 Bxd6 23. Rxd6 Nd4 24. Bxd4 exd4 25. Kf1 Rac8 26. R6xd4 h6
27. Rd7 Rc2 28. R1d2 Rc1+ 29. Kg2 b5 30. R7d6 Ra8 31. Rd8+ Rxd8 32. Rxd8+ Kh7
33. Rd2 f6 34. Kf3 Rc4 35. Ke3 Kg6 36. Kd3 Kf5 37. Rc2 Rb4 38. f3 Ke5 39. e3
Ra4 40. b3 Ra5 41. Kc3 b4+ 42. Kxb4 Rb5+ 43. Kc3 g5 44. Kd3 h5 45. Rc6 Ra5 46.
a4 Rd5+ 47. Ke2 Ra5 48. e4 g4 49. fxg4 hxg4 50. Ke3 f5 51. exf5 Kxf5 52. Kd4
Kg5 53. Rc5+ 1-0

[Event "Hastings Masters"]
[Site "Hastings"]
[Date "2008.01.03"]
[Round "7.20"]
[White "Poobalasingam, Peter"]
[Black "Dinger, Florian"]
[Result "1/2-1/2"]
[WhiteElo "2158"]
[BlackElo "2378"]
[PlyCount "49"]
[EventDate "2007.12.28"]
[SourceDate "2007.12.28"]

1. e4 e6 2. d4 c5 3. c3 Nf6 4. Bd3 Nc6 5. Nf3 d6 6. O-O Be7 7. Nbd2 Qc7 8. Re1
a6 9. Nf1 b5 10. Qe2 e5 11. Ne3 exd4 12. cxd4 cxd4 13. Nd5 Qd8 14. h3 h6 15. b3
Bb7 16. Ba3 O-O 17. Bb2 Nxd5 18. exd5 Ne5 19. Nxd4 Nxd3 20. Qxd3 Bf6 21. Nc6
Bxc6 22. Bxf6 Qxf6 23. dxc6 Rac8 24. Rac1 Rc7 25. Red1 1/2-1/2

[Event "Hastings Masters"]
[Site "Hastings"]
[Date "2008.01.03"]
[Round "7.21"]
[White "Rayner, Francis"]
[Black "Zozulia, Anna"]
[Result "1-0"]
[WhiteElo "2201"]
[BlackElo "2343"]
[PlyCount "69"]
[EventDate "2007.12.28"]
[SourceDate "2007.12.28"]

1. e4 g6 2. d4 Bg7 3. Nf3 d6 4. Bc4 e6 5. Qe2 Ne7 6. e5 b6 7. O-O O-O 8. Bf4
Nbc6 9. c3 Bb7 10. Nbd2 Qd7 11. Rfe1 dxe5 12. dxe5 Nd5 13. Bg3 Nce7 14. h3 Nf5
15. Bh2 Rad8 16. g4 Nfe7 17. Ne4 Qc8 18. Rad1 Qa8 19. Bd3 a6 20. a3 b5 21. Nd4
Nc6 22. Nxc6 Bxc6 23. g5 h6 24. Nf6+ Bxf6 25. gxf6 Nb6 26. Qg4 Kh7 27. Bf4 Rxd3
28. Rxd3 g5 29. h4 Nd5 30. Bc1 Rg8 31. hxg5 Rg6 32. Rh3 Nb6 33. Rxh6+ Rxh6 34.
gxh6 Qg8 35. Qg7+ 1-0

[Event "Hastings Masters"]
[Site "Hastings"]
[Date "2008.01.03"]
[Round "7.22"]
[White "Sugden, John N"]
[Black "Formanek, Edward W"]
[Result "1-0"]
[WhiteElo "2116"]
[BlackElo "2276"]
[PlyCount "97"]
[EventDate "2007.12.28"]
[SourceDate "2007.12.28"]

1. d4 f5 2. Nc3 d5 3. e4 dxe4 4. f3 e5 5. dxe5 Qxd1+ 6. Kxd1 Ne7 7. Bc4 Nbc6 8.
f4 Na5 9. Bb3 Nxb3 10. axb3 Be6 11. Be3 O-O-O+ 12. Ke1 Nc6 13. Nge2 Nb4 14. Rc1
c5 15. Nb5 a6 16. Na3 Nd5 17. Kf2 Nxe3 18. Kxe3 c4 19. Nd4 Bc5 20. Rhd1 Rxd4
21. Rxd4 Rd8 22. c3 cxb3 23. Ke2 Bxd4 24. cxd4+ Kb8 25. Ke3 b5 26. Nb1 Kb7 27.
Nc3 Rd7 28. Rd1 Kc6 29. Rc1 Bc4 30. g4 g6 31. gxf5 gxf5 32. Rg1 a5 33. Rg5 a4
34. Rxf5 a3 35. bxa3 b2 36. Rg5 Ra7 37. Nb1 Bd3 38. Rg1 b4 39. a4 Rxa4 40. f5
Kd5 41. f6 Ke6 42. d5+ Kxd5 43. f7 Bxb1 44. Rd1+ Kxe5 45. f8=Q Ra3+ 46. Kf2 e3+
47. Ke1 Bc2 48. Qd6+ Kf5 49. Qc5+ 1-0

[Event "Hastings Masters"]
[Site "Hastings"]
[Date "2008.01.03"]
[Round "7.24"]
[White "Heinis, Vincent"]
[Black "Afek, Yochanan"]
[Result "1-0"]
[WhiteElo "2202"]
[BlackElo "2349"]
[PlyCount "69"]
[EventDate "2007.12.28"]
[SourceDate "2007.12.28"]

1. e4 c5 2. Nf3 Nf6 3. Nc3 Nc6 4. Bb5 d6 5. e5 dxe5 6. Nxe5 Qd6 7. Qe2 Bd7 8.
Bxc6 Bxc6 9. O-O g6 10. d4 cxd4 11. Nb5 Qd8 12. Qc4 e6 13. Nxc6 bxc6 14. Qxc6+
Ke7 15. b3 Nd5 16. Bg5+ f6 17. Rfe1 Kf7 18. Qxe6+ Kg7 19. Nxd4 Nc7 20. Qc4 fxg5
21. Rad1 Bd6 22. g3 Re8 23. Ne6+ Nxe6 24. Rxe6 Rc8 25. Qd4+ Kh6 26. Rxd6 Qa5
27. Rd7 Qc3 28. Qxc3 Rxc3 29. R1d2 a5 30. Ra7 Re5 31. Rdd7 g4 32. Rxh7+ Kg5 33.
Rhc7 Rf3 34. Rf7 Re2 35. h4+ 1-0

[Event "Hastings Masters"]
[Site "Hastings"]
[Date "2008.01.03"]
[Round "7.25"]
[White "Cafferty, Bernard"]
[Black "Prosviriakov, Vladimir"]
[Result "1/2-1/2"]
[WhiteElo "2192"]
[BlackElo "2319"]
[PlyCount "228"]
[EventDate "2007.12.28"]
[SourceDate "2007.12.28"]

1. c4 Nf6 2. Nf3 c6 3. b3 d5 4. Bb2 Bf5 5. g3 e6 6. Bg2 Nbd7 7. O-O Be7 8. d3
O-O 9. Nc3 h6 10. a3 a5 11. Qc2 Bh7 12. Rfe1 Qb6 13. Na4 Qa6 14. c5 Qa7 15. b4
Qb8 16. Qc3 Bd8 17. Nd2 Bc7 18. Qb3 axb4 19. axb4 b5 20. cxb6 Bxb6 21. Rec1 Rc8
22. Nxb6 Qxb6 23. Bf1 Rxa1 24. Rxa1 Rb8 25. Bc3 Ng4 26. d4 h5 27. e3 h4 28. Qd1
Ngf6 29. Ra6 Qc7 30. Qa4 Rc8 31. Ra7 Qd6 32. Qa6 Qf8 33. Nf3 hxg3 34. hxg3 Nb8
35. Qb7 Ne4 36. Be1 Nd6 37. Qe7 Qxe7 38. Rxe7 Kf8 39. Ra7 f6 40. g4 Nb5 41. Ra5
Nd6 42. Nd2 Bc2 43. f3 Rc7 44. Ra2 Bd1 45. Bg3 Ke7 46. Kf2 Rb7 47. Ke1 Bxf3 48.
Nxf3 Rxb4 49. Bd3 Nd7 50. Ra6 Nb6 51. Ra7+ Nd7 52. Rc7 Rb3 53. Rxc6 Ne4 54.
Bxe4 Rxe3+ 55. Kf2 Rxe4 56. Bd6+ Kd8 57. Ra6 Kc8 58. Rc6+ Kd8 59. Ra6 Kc8 60.
g5 Kb7 61. Ra4 Rg4 62. Be7 fxg5 63. Rb4+ Kc7 64. Rb3 Nf6 65. Bf8 Ne4+ 66. Ke3
Rg3 67. Bxg7 Rxf3+ 68. Kxf3 Nd2+ 69. Kg4 Nxb3 70. Kxg5 Kd7 71. Kf4 Na5 72. Ke3
Ke7 73. Kf4 Kf7 74. Bh8 Nc6 75. Ke3 Ne7 76. Be5 Ng6 77. Bc7 Kf6 78. Bd8+ Kf5
79. Bc7 Kg4 80. Bd6 Nh4 81. Be5 Nf5+ 82. Kf2 Ne7 83. Ke3 Kf5 84. Bd6 Nc6 85.
Bc7 Na7 86. Be5 Nb5 87. Bg7 Na3 88. Kf3 Nb1 89. Bh8 Nd2+ 90. Ke3 Nf1+ 91. Kf3
Nh2+ 92. Ke3 Kg4 93. Be5 Nf1+ 94. Kf2 Nd2 95. Bc7 Nc4 96. Ke2 Kf5 97. Kf3 Kf6
98. Bd8+ Kf7 99. Bh4 Ke8 100. Bf6 Kd7 101. Ke2 Kc6 102. Kd3 Kb5 103. Kc3 Nd6
104. Be7 Ne4+ 105. Kb3 Kc6 106. Bf8 Kd7 107. Kc2 Ke8 108. Bg7 Kf7 109. Be5 Kg6
110. Kd3 Kg5 111. Ke3 Kg4 112. Bc7 Ng3 113. Be5 Nf5+ 114. Ke2 Nxd4+ 1/2-1/2

[Event "Hastings Masters"]
[Site "Hastings"]
[Date "2008.01.03"]
[Round "7.26"]
[White "Mansson, James"]
[Black "Thompson, Ian D"]
[Result "1-0"]
[WhiteElo "2161"]
[BlackElo "2309"]
[PlyCount "99"]
[EventDate "2007.12.28"]
[SourceDate "2007.12.28"]

1. Nf3 Nf6 2. c4 e6 3. Nc3 d5 4. d4 c6 5. Bg5 h6 6. Bh4 dxc4 7. e4 g5 8. Bg3 b5
9. Be2 Bb7 10. h4 g4 11. Ne5 h5 12. O-O Nbd7 13. Qc2 Nxe5 14. Bxe5 Rg8 15. Bg3
Nd7 16. d5 e5 17. dxc6 Bxc6 18. a4 a6 19. axb5 axb5 20. Rxa8 Qxa8 21. b3 b4 22.
Nd5 Bxd5 23. exd5 cxb3 24. Qc6 Qd8 25. Bd3 Qf6 26. Bb5 Qd8 27. Re1 Be7 28. Bxe5
Rg6 29. Bd6 b2 30. Bxe7 b1=Q 31. Rxb1 Rxc6 32. Bxd8 Rc5 33. Bxd7+ Kxd7 34. Bg5
Rb5 35. Kf1 Kd6 36. Ke2 Kxd5 37. Kd3 f5 38. Be7 b3 39. Kc3 f4 40. Bg5 Rc5+ 41.
Kxb3 Ke4 42. Re1+ Kf5 43. Re8 f3 44. gxf3 Rb5+ 45. Kc3 Ra5 46. Rf8+ Kg6 47.
fxg4 hxg4 48. Rf6+ Kg7 49. Rf4 g3 50. Kb4 1-0

[Event "Hastings Masters"]
[Site "Hastings"]
[Date "2008.01.03"]
[Round "7.27"]
[White "Hasan, Mehdi"]
[Black "Hagesaether, Arne"]
[Result "1-0"]
[WhiteElo "2287"]
[BlackElo "2153"]
[PlyCount "72"]
[EventDate "2007.12.28"]
[SourceDate "2007.12.28"]

1. e4 c6 2. d4 d5 3. exd5 cxd5 4. c4 Nf6 5. Nc3 Nc6 6. Bg5 e6 7. Nf3 Be7 8. c5
Ne4 9. Bxe7 Nxe7 10. Bd3 f5 11. Ne5 Nxc3 12. bxc3 O-O 13. O-O b6 14. c6 Qc7 15.
Qa4 a6 16. c4 Rd8 17. Rac1 Ra7 18. cxd5 Rxd5 19. Rfd1 Qd6 20. Be2 b5 21. Qa5
Qc7 22. Qc3 a5 23. Qg3 Ba6 24. Qg5 Rd6 25. Bf3 b4 26. Nd7 Nxc6 27. Bxc6 Rxd7
28. Bxd7 Qxd7 29. Qf4 h6 30. Qe5 a4 31. d5 exd5 32. Rxd5 Qe7 33. Qxe7 Rxe7 34.
Ra5 Re2 35. Rxa4 Bc4 36. a3 Bf7 1-0

[Event "Hastings Masters"]
[Site "Hastings"]
[Date "2008.01.03"]
[Round "7.29"]
[White "Furman, Boris"]
[Black "Fryer, David"]
[Result "1-0"]
[WhiteElo "2264"]
[BlackElo "2065"]
[PlyCount "85"]
[EventDate "2007.12.28"]
[SourceDate "2007.12.28"]

1. d4 Nf6 2. c4 c5 3. d5 b5 4. cxb5 a6 5. bxa6 g6 6. Nc3 Bxa6 7. e4 Bxf1 8.
Kxf1 d6 9. Nf3 Nbd7 10. g3 Bg7 11. Kg2 O-O 12. Re1 Ng4 13. Qe2 Nge5 14. Nxe5
Nxe5 15. f4 Nd7 16. Bd2 Qb6 17. b3 Ra7 18. Rac1 Rfa8 19. Rc2 Qb7 20. g4 e6 21.
dxe6 fxe6 22. Qc4 Nf8 23. a4 Ra6 24. Nb5 Rc8 25. f5 d5 26. exd5 exd5 27. Qe2 c4
28. Qe7 Qxe7 29. Rxe7 Bf6 30. Re1 gxf5 31. gxf5 Rd8 32. bxc4 Rxa4 33. c5 Rc4
34. Rec1 Rxc2 35. Rxc2 Rc8 36. c6 Be5 37. Kf3 Kf7 38. Bf4 Bxf4 39. Kxf4 Ke7 40.
Ke5 Nd7+ 41. Kxd5 Nb8 42. Re2+ Kf8 43. Nd6 1-0

[Event "Hastings Masters"]
[Site "Hastings"]
[Date "2008.01.03"]
[Round "7.30"]
[White "Kwiatkowski, Feliks J"]
[Black "Gibson, Christopher A"]
[Result "1/2-1/2"]
[WhiteElo "2237"]
[BlackElo "2032"]
[PlyCount "93"]
[EventDate "2007.12.28"]
[SourceDate "2007.12.28"]

1. e4 c5 2. Nf3 d6 3. d4 cxd4 4. Nxd4 Nf6 5. Nc3 a6 6. Bg5 e6 7. f4 Qc7 8. Bxf6
gxf6 9. Qd2 Nc6 10. O-O-O Bd7 11. Kb1 Nxd4 12. Qxd4 Rg8 13. Qd2 Bc6 14. Bd3
O-O-O 15. f5 exf5 16. Nd5 Bxd5 17. exd5 f4 18. Bxh7 Rg7 19. Qxf4 Rxg2 20. Be4
Rg8 21. Bf5+ Kb8 22. h4 Rh8 23. h5 Bh6 24. Qd4 Bg5 25. Rde1 Rde8 26. Rxe8+ Rxe8
27. a3 Qa5 28. Be4 Qd2 29. Qxd2 Bxd2 30. Bd3 Bh6 31. Rf1 Bg5 32. c4 Re3 33. Bf5
Re2 34. Rf3 Rh2 35. Rh3 Rf2 36. Bh7 Bh6 37. Bg8 f5 38. Bxf7 f4 39. Rh1 f3 40.
Bg6 Rd2 41. Rf1 f2 42. Bc2 Kc7 43. b3 Re2 44. Bd3 Rd2 45. Bc2 Re2 46. Bd3 Rd2
47. Bc2 1/2-1/2

[Event "Hastings Masters"]
[Site "Hastings"]
[Date "2008.01.03"]
[Round "7.32"]
[White "Jackson, Oliver"]
[Black "Wilson, Alexandra"]
[Result "1-0"]
[WhiteElo "2219"]
[BlackElo "2061"]
[PlyCount "87"]
[EventDate "2007.12.28"]
[SourceDate "2007.12.28"]

1. e4 e6 2. d4 d5 3. Nc3 Bb4 4. e5 c5 5. a3 Bxc3+ 6. bxc3 Ne7 7. Nf3 Nbc6 8.
Bd3 c4 9. Be2 O-O 10. h4 f6 11. exf6 gxf6 12. Bh6 Re8 13. g4 Kh8 14. Qd2 e5 15.
dxe5 Nxe5 16. Nxe5 fxe5 17. h5 Ng8 18. Bg5 Qa5 19. h6 Rf8 20. f4 d4 21. fxe5
Qxe5 22. Qxd4 Qxd4 23. cxd4 Be6 24. Rf1 Rae8 25. Bf4 Ne7 26. Kd2 Ng6 27. Bg3
Bd5 28. Rxf8+ Rxf8 29. Rf1 Rxf1 30. Bxf1 Kg8 31. a4 Kf7 32. Kc3 Kf6 33. Bxc4
Bf3 34. Be5+ Nxe5 35. g5+ Kxg5 36. dxe5 Kxh6 37. Kd4 Kg7 38. Kc5 Kf8 39. Kd6
Bc6 40. a5 h5 41. e6 h4 42. e7+ Kg7 43. Be6 Kf6 44. Bd7 1-0

[Event "Hastings Masters"]
[Site "Hastings"]
[Date "2008.01.03"]
[Round "7.33"]
[White "Coates, David H"]
[Black "Lyell, Mark"]
[Result "1-0"]
[WhiteElo "2029"]
[BlackElo "2197"]
[PlyCount "97"]
[EventDate "2007.12.28"]
[SourceDate "2007.12.28"]

1. e4 e5 2. Nf3 Nc6 3. d4 exd4 4. Nxd4 Nf6 5. Nxc6 bxc6 6. e5 Qe7 7. Qe2 Nd5 8.
c4 Ba6 9. b3 O-O-O 10. g3 g5 11. Bg2 Bg7 12. Bb2 Rde8 13. O-O Bxe5 14. Qxe5
Qxe5 15. Bxe5 Rxe5 16. cxd5 Bxf1 17. Kxf1 cxd5 18. Nd2 f6 19. Nf3 Ree8 20. Nd4
c6 21. Rc1 Re5 22. b4 a6 23. a4 Kb7 24. Nb3 Kc7 25. Nc5 Ra8 26. Nd3 Kd6 27.
Nxe5 fxe5 28. Rc5 Rb8 29. Ra5 Rxb4 30. Rxa6 g4 31. f3 Rb1+ 32. Kf2 Rb2+ 33. Kg1
d4 34. fxg4 d3 35. Bf3 d2 36. g5 e4 37. Bg4 Rb1+ 38. Kf2 d1=Q 39. Bxd1 Rxd1 40.
h4 Rd2+ 41. Kf1 Ke6 42. Ra8 Kf7 43. a5 Ra2 44. a6 Ra5 45. a7 Ke7 46. h5 Kd6 47.
h6 Kc7 48. g6 Kb7 49. gxh7 1-0

[Event "Hastings Masters"]
[Site "Hastings"]
[Date "2008.01.03"]
[Round "7.34"]
[White "Ringor, Rodrigo"]
[Black "Dickson, George A"]
[Result "1/2-1/2"]
[WhiteElo "1848"]
[BlackElo "2160"]
[PlyCount "69"]
[EventDate "2007.12.28"]
[SourceDate "2007.12.28"]

1. e4 e5 2. Nf3 Nc6 3. Bb5 a6 4. Ba4 Nf6 5. O-O b5 6. Bb3 Bc5 7. d3 O-O 8. c3
d5 9. Qe2 d4 10. h3 Qd6 11. Rd1 Be6 12. Bc2 a5 13. Bg5 Nd7 14. Nbd2 f6 15. Bh4
dxc3 16. bxc3 Ba3 17. d4 exd4 18. cxd4 Nxd4 19. Nxd4 Qxd4 20. Bb3 Qb6 21. Bxe6+
Qxe6 22. Qxb5 Bd6 23. Qc4 Nc5 24. Qxe6+ Nxe6 25. Nc4 Bf4 26. f3 a4 27. Bf2 Rfd8
28. Kf1 Rab8 29. Ke2 Be5 30. Nxe5 Rb2+ 31. Ke1 Rxd1+ 32. Rxd1 fxe5 33. Rd2 Rb1+
34. Rd1 Rb2 35. Rd2 1/2-1/2

[Event "Hastings Masters"]
[Site "Hastings"]
[Date "2008.01.03"]
[Round "7.35"]
[White "Atako, Chino"]
[Black "Canonne, Antoine"]
[Result "0-1"]
[WhiteElo "2149"]
[BlackElo "2059"]
[PlyCount "76"]
[EventDate "2007.12.28"]
[SourceDate "2007.12.28"]

1. e4 c5 2. Nf3 e6 3. Nc3 d5 4. exd5 exd5 5. Bb5+ Nc6 6. Qe2+ Be7 7. O-O Be6 8.
Ne5 Qd6 9. d3 Rc8 10. Bf4 Qd8 11. Nxc6 bxc6 12. Ba6 Rb8 13. Bxb8 Qxb8 14. b4
Bf6 15. Rab1 Bxc3 16. f4 cxb4 17. Kh1 Ne7 18. a3 O-O 19. axb4 Qb6 20. d4 Qxd4
21. Bd3 Nf5 22. Rf3 Qf6 23. Qf1 h5 24. b5 cxb5 25. Bxb5 d4 26. Rd3 Bd5 27. Qf2
Be4 28. Rh3 Qg6 29. Bf1 h4 30. Rb5 Re8 31. Rc5 a5 32. Bb5 Be1 33. Qe2 Bc6 34.
Qf1 Bxb5 35. Qxb5 Nd6 36. Qf1 Bb4 37. Re5 Rxe5 38. fxe5 Nf5 0-1

[Event "Hastings Masters"]
[Site "Hastings"]
[Date "2008.01.03"]
[Round "7.37"]
[White "Pickersgill, Adrian"]
[Black "Franklin, Samuel"]
[Result "1/2-1/2"]
[WhiteElo "2088"]
[BlackElo "1917"]
[PlyCount "87"]
[EventDate "2007.12.28"]
[SourceDate "2007.12.28"]

1. e4 c5 2. c3 d5 3. exd5 Qxd5 4. d4 Nf6 5. Nf3 e6 6. Nbd2 cxd4 7. Bc4 Qd8 8.
Nxd4 a6 9. O-O Bd6 10. Qe2 O-O 11. N2f3 Qc7 12. Re1 b5 13. Bd3 Bb7 14. Bg5 Nbd7
15. Rad1 h6 16. Bh4 Nd5 17. Bb1 N7f6 18. Bxf6 Nxf6 19. Nxe6 Bxh2+ 20. Nxh2 fxe6
21. Qxe6+ Kh8 22. Bg6 Qc5 23. Re5 Bd5 24. Rexd5 Nxd5 25. Qxd5 Qxf2+ 26. Kh1 Qh4
27. Qe4 Rad8 28. Rxd8 Qxd8 29. Nf3 Qd6 30. Kg1 Qd1+ 31. Kh2 Qd6+ 32. Kg1 Qd1+
33. Qe1 Qd6 34. Ne5 Qb6+ 35. Kh1 Qf6 36. Qe4 Qf1+ 37. Kh2 Rf4 38. Qa8+ Rf8 39.
Qe4 Rf4 40. Nf7+ Rxf7 41. Bxf7 Qxf7 42. Qa8+ Kh7 43. Qxa6 Qf4+ 44. Kg1 1/2-1/2

[Event "Hastings Masters"]
[Site "Hastings"]
[Date "2008.01.03"]
[Round "7.38"]
[White "Quinn, Joseph"]
[Black "Norinkeviciute, Rasa"]
[Result "1-0"]
[WhiteElo "1758"]
[BlackElo "2064"]
[PlyCount "39"]
[EventDate "2007.12.28"]
[SourceDate "2007.12.28"]

1. e4 g6 2. d4 d6 3. Nf3 Bg7 4. Nc3 a6 5. Be3 Nd7 6. Qd2 b5 7. a3 Bb7 8. h4 h5
9. Bd3 Nh6 10. Nh2 c5 11. dxc5 dxc5 12. O-O-O Bc6 13. Nd5 a5 14. b3 Qb8 15. Bf4
Ne5 16. Be2 Qa7 17. Nf3 Neg4 18. Nc7+ Kf8 19. Qd8+ Rxd8 20. Rxd8+ 1-0

[Event "Hastings Masters"]
[Site "Hastings"]
[Date "2008.01.03"]
[Round "7.39"]
[White "Grant, Alan"]
[Black "Cohen, Ronnie"]
[Result "1-0"]
[WhiteElo "2251"]
[BlackElo "1973"]
[PlyCount "45"]
[EventDate "2007.12.28"]
[SourceDate "2007.12.28"]

1. Nf3 Nf6 2. c4 c5 3. Nc3 Nc6 4. g3 g6 5. d4 cxd4 6. Nxd4 Bg7 7. Bg2 O-O 8.
O-O Nxd4 9. Qxd4 d6 10. Qd3 Nd7 11. b3 Rb8 12. Bd2 a6 13. Rac1 b5 14. cxb5 axb5
15. Nd5 Ne5 16. Qe3 Bb7 17. Qa7 Nc6 18. Rxc6 Bxc6 19. Nxe7+ Kh8 20. Bxc6 Ra8
21. Bxa8 Qxa8 22. Qxa8 Rxa8 23. Rc1 1-0

[Event "Hastings Masters"]
[Site "Hastings"]
[Date "2008.01.03"]
[Round "7.40"]
[White "Uche, Enyi"]
[Black "Kakkanas, Evangelos"]
[Result "1-0"]
[WhiteElo "1000"]
[BlackElo "2064"]
[PlyCount "113"]
[EventDate "2007.12.28"]
[SourceDate "2007.12.28"]

1. e4 c5 2. Nc3 e6 3. f4 Nc6 4. Nf3 a6 5. g3 b5 6. Bg2 Qb6 7. O-O Bb7 8. Kh1 d6
9. f5 Nf6 10. fxe6 fxe6 11. d3 Be7 12. Ng5 Nd8 13. Ne2 h6 14. Nf3 e5 15. Nh4
Bc8 16. Nc3 Be6 17. Nd5 Nxd5 18. exd5 Bf7 19. Nf5 Bf6 20. Nxh6 Ra7 21. Qg4 Qc7
22. Nxf7 Qxf7 23. Be4 Ke7 24. Be3 Qh5 25. Qxh5 Rxh5 26. b4 Rc7 27. bxc5 dxc5
28. c4 bxc4 29. dxc4 Nb7 30. Bf3 Rh8 31. Bg4 Nd6 32. Rac1 Rb8 33. Rc2 Rb4 34.
Rfc1 Ne4 35. Bf5 Nd6 36. Bg4 Ne4 37. Bf5 Ng5 38. Kg2 Kd6 39. h4 Nf7 40. Be4
Rcb7 41. Kh3 a5 42. g4 a4 43. g5 Be7 44. Rf1 Nd8 45. h5 Rb1 46. Rxb1 Rxb1 47.
Kg4 Re1 48. Kf3 Rh1 49. Bg6 Bf8 50. Rf2 Be7 51. Kg2 Rh4 52. h6 gxh6 53. gxh6
Rg4+ 54. Kh3 Rxg6 55. h7 Bf6 56. Rxf6+ Rxf6 57. h8=Q 1-0

[Event "Hastings Masters"]
[Site "Hastings"]
[Date "2008.01.03"]
[Round "7.41"]
[White "Calvert, David Ian"]
[Black "Young, Mel"]
[Result "1/2-1/2"]
[WhiteElo "2058"]
[BlackElo "1954"]
[PlyCount "43"]
[EventDate "2007.12.28"]
[SourceDate "2007.12.28"]

1. b3 e5 2. Bb2 Nc6 3. e3 d5 4. Bb5 Bd6 5. f4 Qh4+ 6. g3 Qe7 7. Nf3 f6 8. Nc3
Be6 9. O-O Nh6 10. fxe5 fxe5 11. e4 dxe4 12. Nxe4 O-O 13. Bxc6 bxc6 14. Qe2 Rf5
15. d4 exd4 16. Nxd6 Qxd6 17. Rae1 Bd5 18. Nxd4 Rxf1+ 19. Rxf1 Rf8 20. Rxf8+
Kxf8 21. c4 Bf7 22. Qf3 1/2-1/2

[Event "Hastings Masters"]
[Site "Hastings"]
[Date "2008.01.03"]
[Round "7.42"]
[White "Adair, James"]
[Black "Lee, Jia Shen"]
[Result "1-0"]
[WhiteElo "2044"]
[BlackElo "1920"]
[PlyCount "73"]
[EventDate "2007.12.28"]
[SourceDate "2007.12.28"]

1. e4 e6 2. d4 d5 3. Nc3 Nf6 4. Bg5 Be7 5. e5 Nfd7 6. Bxe7 Qxe7 7. f4 a6 8. Nf3
c5 9. dxc5 Nc6 10. Qd2 Qxc5 11. Bd3 f6 12. exf6 Nxf6 13. O-O-O b5 14. Rde1 O-O
15. Rhg1 Nh5 16. g3 g6 17. Ne2 Ra7 18. g4 Ng7 19. h4 Nb4 20. Kb1 Nxd3 21. Qxd3
Qc4 22. Qe3 Rc7 23. Ned4 Qc5 24. h5 Rcf7 25. hxg6 hxg6 26. Ng5 Rxf4 27. Qh3
R8f6 28. Qh7+ Kf8 29. Qh8+ Ke7 30. Qxg7+ Kd6 31. Nb3 Qc4 32. Nh7 Rf7 33. Qxg6
Rc7 34. Ng5 d4 35. Ne4+ Kd7 36. Qg7+ Kd8 37. Qg5+ 1-0